|
|
|
|
| LEADER |
00000cam a2200000 a 4500 |
| 001 |
vtls001089030 |
| 003 |
SK-MaSNL |
| 005 |
20260302064102.0 |
| 008 |
240226s1986 xo oal drnp 001 0 slo |
| 015 |
|
|
|a SNBA1986
|
| 020 |
|
|
|q (viazané)
|
| 035 |
|
|
|a SNK000031870
|
| 035 |
|
|
|a 012951AF-0487-4380-9BA3-97B053346A4F
|
| 035 |
|
|
|a urn:nbn:sk:snk-am00ihi3
|
| 040 |
|
|
|a SNK
|b slo
|c SNK
|e AACR2
|
| 041 |
1 |
|
|a slo
|h cze
|
| 044 |
|
|
|a xo
|c SK
|
| 072 |
|
7 |
|a 630
|x Lesníctvo
|2 konspekt
|
| 072 |
|
7 |
|a 37.016
|x Učebné osnovy. Vyučovacie predmety. Učebnice
|2 konspekt
|
| 080 |
|
|
|a 630
|2 2011
|
| 080 |
|
|
|a (075.3)
|2 2011
|
| 080 |
|
|
|a 630*36
|2 2011
|
| 100 |
1 |
|
|a Kysel, Michal
|4 aut
|9 532578
|
| 245 |
1 |
0 |
|a Stroje a zariadenia v lesníctve
|c Michal Kysel a kol. ; [spoluautori: Ľubomír Blahota, Jonáš Gerák ; z českého originálu preložila Oľga Sedláková]
|
| 250 |
|
|
|a 1. vyd.
|
| 260 |
|
|
|a Bratislava
|b Príroda
|c 1986
|
| 300 |
|
|
|a 244 strán
|b fotografie, ilustrácie, schémy, tabuľky
|c 25 cm
|
| 366 |
|
|
|e 1000 kusov
|
| 500 |
|
|
|a Ilustrácie na frontispice
|
| 500 |
|
|
|a Preložené z češtiny
|
| 504 |
|
|
|a Bibliografia na strane 233-234. Vecný register na strane 235-244
|
| 650 |
0 |
7 |
|a lesníctvo
|2 SNKPH
|9 1255
|
| 650 |
0 |
7 |
|a stroje a zariadenia
|2 SNKPH
|9 276768
|
| 650 |
0 |
7 |
|a lesnícke stroje
|2 SNKPH
|9 29189
|
| 655 |
|
7 |
|a učebnice stredných škôl
|2 SNKPH
|9 69323
|
| 700 |
1 |
|
|a Blahota, Lubomír
|4 aut
|9 291619
|
| 700 |
1 |
|
|a Gerák, Jonáš
|4 aut
|9 661570
|
| 700 |
1 |
|
|a Sedláková, Oľga
|4 trl
|9 46699
|
| 852 |
|
|
|a Slovenská národná knižnica
|
| 954 |
|
|
|a odborná, vedecká literatúra cudzojazyčná (svetová)
|2 lita
|
| 958 |
|
|
|a RK
|
| 958 |
|
|
|a TL
|
| 958 |
|
|
|a CZ
|
| 958 |
|
|
|a NB
|
| 958 |
|
|
|a OND
|
| 958 |
|
|
|a OP
|
| 958 |
|
|
|a UC
|
| 958 |
|
|
|a EUIPO
|
| 999 |
|
|
|c 1135721
|d 1137651
|
| 952 |
|
|
|a SNK
|b SNK
|y PREZ
|7 0
|p 17A0933286
|o snkSC 66365
|i snkKSP 5070/86
|0 0
|1 0
|4 0
|d 2012-08-16
|f 1
|l 0
|r 2025-07-08 00:00:00
|w 2026-02-24
|
| 952 |
|
|
|a SNK
|b SNK
|y VYP
|7 0
|p 17A0614157
|o snkSC 66365 D1
|i snkKSP 5071/86
|0 0
|1 0
|4 0
|d 2009-05-20
|l 0
|r 2026-02-24 19:18:01
|w 2026-02-24
|